Disney Characters by Picture #2 - Statistics

General Stats
  • This quiz has been taken 255 times
  • The average score is 11 of 16
Answer Stats
Picture Answer % Correct
Bambi
100%
Cruella De Vil
90%
Olaf
88%
Jasmine
87%
Ursula
79%
Tigger
78%
Bolt
77%
Thumper
74%
Baymax
65%
Flynn Rider
63%
Pumbaa
61%
Eve
58%
Judy Hopps
55%
Wendy Darling
46%
Ray
38%
Vanellope von Schweetz
35%
No matching quizzes found
Score Distribution
Percent of People with Each Score
Percentile by Number Answered
Your Score History
You have not taken this quiz